Legislación general de régimen jurídico de las administraciones públicas y del procedimiento administrativo común

Uloženo v:
Podrobná bibliografie
Hlavní autor: Leguina Villa, Jesús (Autor)
Médium: Kniha
Jazyk:španělština
Vydáno: Madrid Tecnos 1997
Vydání:6a. ed
Edice:Biblioteca de Textos Legales, 162
Témata:
Tagy: Přidat tag
Žádné tagy, Buďte první, kdo vytvoří štítek k tomuto záznamu!

MARC

LEADER 00000nam a2200000 a 4500
001 UCQ7729
003 CL-VaPUC
008 981113e19970000SP |||||||||||||||||spa|d
082 0 4 |a 342.066  |b LEG  |2 21 
100 |a Leguina Villa, Jesús  |e author  |9 605205 
245 1 0 |a Legislación general de régimen jurídico de las administraciones públicas y del procedimiento administrativo común 
250 |a 6a. ed 
300 |a 438 p 
942 |c BK 
945 |d 19981113 00:00:00  |a aarredon 
260 |a Madrid  |b Tecnos  |c 1997 
650 0 |a Derecho administrativo  |9 254851 
650 0 |a Procedimiento administrativo  |9 256132 
650 0 |a Administración pública   |9 255343 
650 0 |a Estado  |9 255503 
650 7 |a LEGISLACION  |2 CL-VaPUC  |9 421515 
650 0 |a Procedimiento administrativo  |9 256132 
650 0 |a Actos administrativos   |9 256128 
650 7 |a CONTENCIOSO ADMINISTRATIVO  |2 CL-VaPUC  |9 255490 
583 |a last modification  |c 19981113 00:00:00  |k Rodrigo Vera 
490 0 |a Biblioteca de Textos Legales, 162 
999 |c 277184  |d 277182 
952 |0 0  |1 0  |4 0  |6 342_066000000000000_LEG_1997  |7 0  |8 A  |9 315004  |a BIBDER  |b BIBDER  |d 2019-11-20  |i 3480879  |o 342.066 LEG 1997  |p 3480879  |r 2023-01-25  |w 2019-11-20  |y BK  |k DER